000 00996nam a2200301 a 4500
001 57948
003 BD-RJUL
005 20211209080552.0
008 161212s1974 cau bs 001 0 eng
020 _a0520020197
035 _aBD-RJUL 58072
035 _a(OCoLC)00886945
035 _aGLIS00005598
040 _aBD-RjUL
_beng
_cBD-RjUL
041 _aeng
082 _223
_a320.952
_bRIP 1974
099 _aJQ1681.R53
100 1 _aRichardson, Bradley M.
_9172111
245 1 4 _aThe political culture of Japan /
_c[by] Bradley M. Richardson.
260 _aBerkeley :
_bUniversity of California Press,
_c[1974]
300 _axi, 271 p. ;
_c24 cm.
500 _a"Published under the auspices of the Center for Japanese and Korean Studies, University of California, Berkeley."
504 _aBibliography: p. 257-261.
650 0 _aPolitical participation
_zJapan.
_9172112
651 0 _aJapan
_xPolitics and government
_y1945-
_9172113
942 _2ddc
_cBK
999 _c57948
_d57948